000 00854nam a2200253Ia 4500
003 OSt
005 20220923222310.0
006 a|||||r|||| 00| 0
007 ta
008 220922b |||||||| |||| 00| 0 mar d
024 _a204,369
037 _cTextual
040 _aARTS
_cARTS
_bmar
041 _2mar
_amar
082 _aO155,3N42,BD, 152L7
100 _aअरुण साधू; बापट, विजय, अनु.
_9166665
245 0 _aबंबई दिनांक
246 _aBanbaī dināanka
260 _aदिल्ली
_b राधाकृष्ण प्रका0
_c1977
300 _a282पृ0
_ccm.
650 _aमराठी साहित्य
942 _hO155,3N42,BD, 152L7
_cTEXL
_2CC
999 _c355118
_d355118